00735nam a22002177a 4500999001900000005001700019010001300036020001000049035001300059037001600072082001300088100001400101245005300115260003300168270004500201300003200246650003200278650004800310942002200358952013700380 c127770d12777020181218163307.0 aA-896202 c65.00 aA-896202 bCen Lib/Ret a573bDAS aDas, B. M aOutline of physical anthropology /cby B. M. Das aAllahabadbKitab Mahalc1998 a84, K. P. Kakkar MargbAllahabade211003 aiv, 399p. :c21cm(Hb)bill. aAnthropology-human skeleton aPhysical anthropology-historical background 2ddccENh573mDAS 00104070aLbLd2015-06-30eCen Lib/Retg65.00l6m7o573 DASpA-896202r2025-11-07 00:00:00s2025-09-17t1v65.00w2015-06-30yEN